000 00575nam a2200241 a 4500
001 nice12345678
003 IN_TiNIC
005 20260116012510.0
008 050524s1978 luca grp 000 0 urd
020 _a
_c100
082 0 0 _a297.61
_bQID
100 _aQidwai, Hussain
245 _aMawlana Abdul Majid
260 _aLucknow
_bGulzar-E-syedi Press
_c1978
300 _a99p
500 _aincludes index and biblioraphy
505 2 _aIndex
650 _aIslam-Biography-Ulama
700 1 _aQidwai, Hussain
902 _bSRS
942 _cBK
999 _c7247
_d7247